Raduga 1. Ruština pro střední a jazykové školy. Kazeta 2. Lekce 5-10 : Nahrávky úvodních textů, cvičení k výslovnosti a další texty k poslechu /
Uložené v:
| Hlavný autor: | |
|---|---|
| Médium: | Kniha |
| Jazyk: | Czech |
| Vydavateľské údaje: |
Plzeň :
Fraus,
1996
|
| Predmet: | |
| Tagy: |
Žiadne tagy, Buďte prvý, kto otaguje tento záznam!
|
MARC
| LEADER | 00000nam a22000003a 4500 | ||
|---|---|---|---|
| 001 | stu45643 | ||
| 005 | 20150617225715.4 | ||
| 008 | 970212s1996----cs------------------cze-d | ||
| 040 | |a STU |b slo | ||
| 041 | 0 | |a cze | |
| 044 | |a cs | ||
| 080 | |a 808.2(075.3)(086.74) | ||
| 100 | 1 | |a Jelínek, Stanislav |4 xxx | |
| 245 | 1 | |a Raduga 1. Ruština pro střední a jazykové školy. Kazeta 2. Lekce 5-10 : |b Nahrávky úvodních textů, cvičení k výslovnosti a další texty k poslechu / |c S. Jelínek a kol | |
| 260 | |a Plzeň : |b Fraus, |c 1996 | ||
| 650 | 7 | |a ruština |2 stusub | |
| 650 | 7 | |a učeb.SŠ |2 stusub | |
| 996 | |b CUP247 |c C*UP247 |l CCXVII |s P |a 0 |w stu45643_0001 | ||